Ensalada de frutas / Antonia Medrano (Registro nro. 5466)

Detalles MARC
000 -LEADER
fixed length control field 00522nam a22001931a 4500
001 - CONTROL NUMBER
control field 5466
003 - CONTROL NUMBER IDENTIFIER
control field OSt
005 - DATE AND TIME OF LATEST TRANSACTION
control field 20260204212015.0
008 - FIXED-LENGTH DATA ELEMENTS--GENERAL INFORMATION
fixed length control field 060126s1995||||dr ||||||b||||||||||spa||
050 ## - LIBRARY OF CONGRESS CALL NUMBER
Classification number RD 372.7 M469e
100 ## - ASIENTO PRINCIPAL -- NOMBRE PERSONAL
Personal name Medrano, Antonia
245 ## - TÍTULO PROPIAMENTE DICHO: SUBTÍTULO
Title Ensalada de frutas / Antonia Medrano
264 ## - PRODUCTION, PUBLICATION, DISTRIBUTION, MANUFACTURE, AND COPYRIGHT NOTICE
Place of production, publication, distribution, manufacture Santo Domingo : Centro Poveda
300 ## - PHYSICAL DESCRIPTION
Extensión 59 p
490 ## - MENCIÓN DE SERIE
Series statement Cuaderno de sociedad y educación No. 4
650 ## - ASIENTO SECUNDARIO DE MATERIA -- TERMINO TEMÁTICO
Termino Temático Como Elemento de Entrada 1.Matemática - Educación Primaria
700 ## - ASIENTO SECUNDARIO -- NOMBRE PERSONAL
Personal name Valerio, Ana TeresaÌ
942 ## - ADDED ENTRY ELEMENTS (KOHA)
Source of classification or shelving scheme Dewey Decimal Classification
Koha item type Libros
Existencias
Withdrawn status Lost status Source of classification or shelving scheme Damaged status Not for loan Current library Date acquired Full call number Barcode Date last seen Price effective from Koha item type
    Dewey Decimal Classification Dañado   Biblioteca UTECO 09/09/2019 RD 372.7 M469E 009993 09/09/2019 09/09/2019 Libros
    Dewey Decimal Classification Dañado   Biblioteca UTECO 09/09/2019 RD 372.7 M469E 009994 09/09/2019 09/09/2019 Libros
    Dewey Decimal Classification Dañado   Biblioteca UTECO 09/09/2019 RD 372.7 M469E 009995 09/09/2019 09/09/2019 Libros
© 2021 Derechos Reservados UTECO - Teléfono: +1 809-585-2291 - Correo electrónico: biblioteca@uteco.edu.do​  
Código postal 43000 ​​
Dirección: Avenida Universitaria No. 100, 
Cotuí, Provincia Sánchez Ramírez, República Dominicana - RNC: 404-00059-6